| 000 | 02006nam a22004457a 4500 | ||
|---|---|---|---|
| 001 | 18635568 | ||
| 003 | OSt | ||
| 005 | 20241030084007.0 | ||
| 008 | 150528s2016 njuab b 001 0 eng | ||
| 010 | _a 2015018630 | ||
| 020 | _a9780133834918 (combined volume) | ||
| 020 | _a0133834913 (combined volume) | ||
| 040 |
_aDLC _beng _cDLC _erda _dDLC |
||
| 041 | _aeng | ||
| 042 | _apcc | ||
| 050 | 0 | 0 |
_aCB69 _b.H46 2016 |
| 080 |
_a008 _bH-57 |
||
| 082 | 0 | 0 |
_a909 _223 |
| 100 | 1 |
_aCraig, Albert M., _eauthor. |
|
| 245 | 1 | 4 |
_aThe Heritage of World Civilizations / Combined Volume _cAlbert M. Craig, Harvard University, William A. Graham, Harvard University, Donald Kagan, Yale University, Steven Ozment, Harvard University, Frank M. Turner, Yale University. |
| 250 | _aTenth edition. | ||
| 260 |
_aHoboken : _bPearson, _c2016. |
||
| 300 |
_axxxii, 1055 pages : _billustrations, maps ; _c28 cm |
||
| 336 |
_atext _btxt _2rdacontent |
||
| 337 |
_aunmediated _bn _2rdamedia |
||
| 338 |
_avolume _bnc _2rdacarrier |
||
| 500 | _aEarlier edition entered under title. | ||
| 504 | _aIncludes bibliographical references and index. | ||
| 505 | 0 | _aHuman origins and early civilizations to 500 B.C.E. -- Empires and cultures of the ancient world, 1000 B.C.E. to 500 C.E. -- Consolidation and interaction of world civilizations, 500 C.E. to 1500 C.E. -- The world in transition, 1500 to 1850 -- Enlightenment and revolution in the Atlantic world, 1700-1850 -- Into the modern world, 1815-1949 -- Global conflict and change, 1900-present. | |
| 650 | 0 |
_aCivilization _xHistory _vTextbooks. |
|
| 653 | _aცივილიზაცია | ||
| 653 | _aისტორია | ||
| 700 |
_9312 _aGraham, A. William |
||
| 700 |
_9313 _aKagan, Donald |
||
| 700 |
_9314 _aOzment, Steven |
||
| 700 |
_9315 _aTurner, M. Frank |
||
| 906 |
_a7 _bcbc _corignew _d1 _eecip _f20 _gy-gencatlg |
||
| 942 |
_2udc _cBK _e10 |
||
| 999 |
_c418 _d418 |
||